[Event "CZE-ch Open 2019"]
[Site "Ostrava"]
[Date "2019.05.04"]
[Round "8.1"]
[White "Navara, David"]
[Black "Cernousek, Lukas"]
[Result "1-0"]
[WhiteElo "2728"]
[BlackElo "2444"]
[Annotator "TA"]
[PlyCount "67"]
[EventDate "2019.04.27"]
[EventType "swiss"]
[EventCountry "CZE"]
[SourceTitle "playchess.com"]
[Source "ChessBase"]
[SourceQuality "1"]

{[%evp 11,67,24,22,22,17,29,13,26,17,20,17,19,20,25,17,8,3,21,11,17,16,9,22,17,19,9,12,10,20,7,16,6,12,12,11,8,7,14,8,7,22,20,20,16,104,103,110,106,108,141,175,167,298,272,313,311,294,290]} 1. c4 c5 2. Nf3 Nf6 3. d4 cxd4 4. Nxd4 d5 5. cxd5 Nxd5 6. e4 Nf6 7. Bf4 $146 {D06: Queen's Gambit: Symmetrical and Baltic Defences} ({Predecessor:} 7. Bb5+ Bd7 8. Qe2 e5 9. Nf3 Bb4+ 10. Bd2 Bxd2+ 11. Nbxd2 Qb6 12. a4 a6 13. Nc4 Qc5 14. Bxd7+ Nbxd7 {½-½ (39) Giri,A (2769)-Svidler,P (2741) Shenzhen 2017}) 7... e5 8. Bb5+ Nbd7 9. Bxe5 $1 {The position is equal.} Bb4+ 10. Nc3 O-O 11. Bxd7 Nxd7 12. Bf4 Nc5 13. O-O {Threatens to win with Nd5.} Bxc3 $1 14. bxc3 Nxe4 15. Qf3 Qd5 16. Rfe1 Nf6 17. Qd3 Re8 18. Rxe8+ Nxe8 19. c4 Qa5 20. Nb3 Qb6 21. c5 $40 {[%mdl 128] White is up to no good.} Qf6 22. Re1 {[%cal Re1e8] [#]} Be6 23. Be5 Qg6 24. Qf3 Rd8 25. Bg3 Rd7 26. c6 bxc6 27. Qxc6 {Hoping for Qa8!} Re7 (27... Qd3 $11 {keeps the balance.}) 28. Qc5 $16 Qf6 29. Nd4 {Be5 is the strong threat.} Rd7 30. Nxe6 {[%csl Ge6][%cal Rc5f8]} Re7 {[#]} 31. h3 $1 h6 (31... fxe6 {was worth a try.} 32. Rb1 Rd7) 32. Re3 $18 {aiming for Be5.White has a decisive advantage.} fxe6 33. Rf3 Qg5 34. Be5 {Accuracy: White = 85%, Black = 62%.} 1-0

[Event "CZE-ch Open 2019"]
[Site "Ostrava"]
[Date "2019.05.04"]
[Round "8.2"]
[White "Kraus, Tomas"]
[Black "Kislinsky, Alexey"]
[Result "1-0"]
[WhiteElo "2463"]
[BlackElo "2427"]
[Annotator "ChessBase"]
[PlyCount "52"]
[EventDate "2019.04.27"]
[EventType "swiss"]
[EventCountry "CZE"]
[SourceTitle "playchess.com"]
[Source "ChessBase"]
[SourceQuality "1"]
[TimeControl "40/5400+30:1800+30"]

1. d4 {[%emt 0:00:00]} Nf6 {[%emt 0:18:37]} 2. c4 {[%emt 0:00:00]} c5 {[%emt 0:00:28]} 3. d5 {[%emt 0:00:19]} e6 {[%emt 0:00:20]} 4. Nc3 {[%emt 0:00:38]} exd5 {[%emt 0:00:13]} 5. cxd5 {[%emt 0:00:16]} d6 {[%emt 0:00:06]} 6. e4 {[%emt 0:00:53]} g6 {[%emt 0:00:07]} 7. f4 {[%emt 0:00:44]} Bg7 {[%emt 0:01:10]} 8. Bb5+ {[%emt 0:01:05]} Nfd7 {[%emt 0:05:12]} 9. Nf3 {[%emt 0:00:53]} a6 {[%emt 0:02:04]} 10. Bd3 {[%emt 0:01:28]} b5 {[%emt 0:00:44]} 11. O-O {[%emt 0:01:39]} O-O {[%emt 0:01:14]} 12. Qe1 {[%emt 0:13:35]} Re8 {[%emt 0:04:06]} 13. Qg3 {[%emt 0:02:30]} c4 {[%emt 0:04:50]} 14. Bc2 {[%emt 0:01:03]} Nc5 {[%emt 0:00:11]} 15. f5 {[%emt 0:20:34]} b4 {[%emt 0:05:00]} 16. fxg6 {[%emt 0:02:37]} fxg6 {[%emt 0:06:52]} 17. Na4 {[%emt 0:11:31]} Nxe4 {[%emt 0:05:32]} 18. Bxe4 {[%emt 0:00:40]} Rxe4 {[%emt 0:00:09]} 19. Ng5 {[%emt 0:06:26]} Re8 {[%emt 0:04:09]} 20. Nf7 {[%emt 0:10:27]} Qa5 {[%emt 0:01:16]} 21. Bh6 {[%emt 0:07:05]} Qxa4 {[%emt 0:05:02]} 22. Bxg7 {[%emt 0:02:35]} Kxg7 {[%emt 0:00:05]} 23. Qg5 {[%emt 0:03:42]} Nd7 {[%emt 0:00:17]} 24. Qh6+ {[%emt 0:00:47]} Kg8 {[%emt 0:00:05]} 25. Ng5 {[%emt 0:00:19]} Re7 {[%emt 0:00:09]} 26. Rae1 {[%emt 0:00:10]} Nb8 1-0

[Event "CZE-ch Open 2019"]
[Site "Ostrava"]
[Date "2019.05.04"]
[Round "8.3"]
[White "Hracek, Zbynek"]
[Black "Michalik, Peter"]
[Result "1/2-1/2"]
[WhiteElo "2589"]
[BlackElo "2574"]
[Annotator "ChessBase"]
[PlyCount "67"]
[EventDate "2019.04.27"]
[EventType "swiss"]
[EventCountry "CZE"]
[SourceTitle "playchess.com"]
[Source "ChessBase"]
[SourceQuality "1"]
[TimeControl "40/5400+30:1800+30"]

1. e4 {[%emt 0:00:00]} e5 {[%emt 0:00:00]} 2. Nf3 {[%emt 0:00:00]} Nf6 {[%emt 0:00:00]} 3. Nxe5 {[%emt 0:00:07]} d6 {[%emt 0:00:00]} 4. Nf3 {[%emt 0:00:07]} Nxe4 {[%emt 0:00:00]} 5. Nc3 {[%emt 0:00:30]} Nf6 {[%emt 0:00:00]} 6. d4 {[%emt 0:00:10]} Be7 {[%emt 0:00:06]} 7. Bd3 {[%emt 0:00:14]} O-O {[%emt 0:00:12]} 8. O-O {[%emt 0:00:05]} Re8 {[%emt 0:00:37]} 9. Re1 {[%emt 0:00:16]} b6 {[%emt 0:00:14]} 10. d5 {[%emt 0:14:17]} Bb7 {[%emt 0:00:16]} 11. Bb5 {[%emt 0:05:02]} Nfd7 {[%emt 0:16:07]} 12. Bf4 {[%emt 0:10:55]} a6 {[%emt 0:00:13]} 13. Bf1 {[%emt 0:00:02]} Bf6 {[%emt 0:07:41]} 14. Qd2 {[%emt 0:06:22]} Ne5 {[%emt 0:00:31]} 15. Nxe5 {[%emt 0:09:55]} dxe5 {[%emt 0:01:23]} 16. Bg3 {[%emt 0:00:31]} Bg5 {[%emt 0:07:17]} 17. f4 {[%emt 0:04:32]} exf4 {[%emt 0:06:50]} 18. Rxe8+ {[%emt 0:00:16]} Qxe8 {[%emt 0:00:03]} 19. Bxf4 {[%emt 0:00:06]} Bxf4 {[%emt 0:00:15]} 20. Qxf4 {[%emt 0:00:05]} Qe7 {[%emt 0:07:07]} 21. Rd1 {[%emt 0:01:09]} Qc5+ {[%emt 0:00:12]} 22. Kh1 {[%emt 0:03:12]} Nd7 {[%emt 0:02:42]} 23. Ne4 {[%emt 0:00:37]} Qxc2 {[%emt 0:00:24]} 24. Rc1 {[%emt 0:00:05]} Qxb2 {[%emt 0:00:05]} 25. Rxc7 {[%emt 0:00:08]} Bxd5 {[%emt 0:00:56]} 26. Rxd7 {[%emt 0:01:58]} Bxa2 {[%emt 0:00:29]} 27. h4 {[%emt 0:34:49]} h6 {[%emt 0:00:40]} 28. Nd6 {[%emt 0:02:21]} Qf6 {[%emt 0:02:20]} 29. Qxf6 {[%emt 0:00:42]} gxf6 {[%emt 0:00:04]} 30. Bc4 {[%emt 0:02:41]} Bxc4 {[%emt 0:00:04]} 31. Nxc4 {[%emt 0:00:01]} b5 {[%emt 0:01:38]} 32. Na5 {[%emt 0:03:15]} Re8 {[%emt 0:00:06]} 33. Ra7 {[%emt 0:00:09]} Re4 {[%emt 0:01:05]} 34. g3 1/2-1/2

[Event "CZE-ch Open 2019"]
[Site "Ostrava"]
[Date "2019.05.04"]
[Round "8.4"]
[White "Plat, Vojtech"]
[Black "Babula, Vlastimil"]
[Result "1-0"]
[WhiteElo "2540"]
[BlackElo "2550"]
[Annotator "ChessBase"]
[PlyCount "67"]
[EventDate "2019.04.27"]
[EventType "swiss"]
[EventCountry "CZE"]
[SourceTitle "playchess.com"]
[Source "ChessBase"]
[SourceQuality "1"]
[TimeControl "40/5400+30:1800+30"]

1. e4 {[%emt 0:00:00]} c5 {[%emt 0:00:00]} 2. Nf3 {[%emt 0:00:00]} e6 {[%emt 0:00:01]} 3. d4 {[%emt 0:00:00]} cxd4 {[%emt 0:00:07]} 4. Nxd4 {[%emt 0:00:00]} Nc6 {[%emt 0:00:23]} 5. Nc3 {[%emt 0:00:14]} Qc7 {[%emt 0:00:26]} 6. Be3 {[%emt 0:00:16]} a6 {[%emt 0:00:38]} 7. Be2 {[%emt 0:00:17]} Nf6 {[%emt 0:00:49]} 8. O-O {[%emt 0:00:15]} Be7 {[%emt 0:00:59]} 9. f4 {[%emt 0:00:17]} d6 {[%emt 0:00:43]} 10. Kh1 {[%emt 0:00:05]} O-O {[%emt 0:01:21]} 11. Qe1 {[%emt 0:00:27]} Nxd4 {[%emt 0:01:24]} 12. Bxd4 {[%emt 0:00:04]} b5 {[%emt 0:00:34]} 13. a3 {[%emt 0:00:05]} Bb7 {[%emt 0:00:47]} 14. Qg3 {[%emt 0:00:05]} Rad8 {[%emt 0:01:25]} 15. Bf3 {[%emt 0:05:00]} Rd7 {[%emt 0:03:14]} 16. Rad1 {[%emt 0:03:49]} Rfd8 {[%emt 0:36:01]} 17. Rfe1 {[%emt 0:06:30]} Qb8 {[%emt 0:13:12]} 18. Rd3 {[%emt 0:04:45]} Ba8 {[%emt 0:00:57]} 19. Red1 {[%emt 0:01:08]} Ne8 {[%emt 0:06:04]} 20. f5 {[%emt 0:01:55]} exf5 {[%emt 0:09:07]} 21. exf5 {[%emt 0:00:14]} d5 {[%emt 0:01:22]} 22. Qxb8 {[%emt 0:01:39]} Rxb8 {[%emt 0:00:03]} 23. Nxd5 {[%emt 0:04:37]} Bxd5 {[%emt 0:01:08]} 24. Be5 {[%emt 0:00:08]} Rc8 {[%emt 0:02:10]} 25. Bxd5 {[%emt 0:01:30]} Bf6 {[%emt 0:01:21]} 26. Bxf6 {[%emt 0:01:06]} Nxf6 {[%emt 0:00:06]} 27. Bb7 {[%emt 0:06:22]} Rxc2 {[%emt 0:02:00]} 28. Rxd7 {[%emt 0:00:11]} Nxd7 {[%emt 0:00:02]} 29. h3 {[%emt 0:00:04]} Nf8 {[%emt 0:01:43]} 30. b4 {[%emt 0:01:09]} Rf2 {[%emt 0:04:36]} 31. Rd5 {[%emt 0:03:38]} g6 {[%emt 0:00:09]} 32. fxg6 {[%emt 0:02:05]} Rf6 {[%emt 0:04:27]} 33. gxh7+ {[%emt 0:00:55]} Kxh7 {[%emt 0:00:25]} 34. Rf5 {[%emt 0:05:58]} 1-0

[Event "CZE-ch Open 2019"]
[Site "Ostrava"]
[Date "2019.05.04"]
[Round "8.5"]
[White "Krejci, Jan"]
[Black "Biolek, Richard Jr."]
[Result "1/2-1/2"]
[WhiteElo "2584"]
[BlackElo "2444"]
[Annotator "TA"]
[PlyCount "129"]
[EventDate "2019.04.27"]
[EventType "swiss"]
[EventCountry "CZE"]
[SourceTitle "playchess.com"]
[Source "ChessBase"]
[SourceQuality "1"]

{[%evp 19,129,20,22,-10,-23,-51,-32,-22,0,0,7,-53,-51,-45,-45,-43,-45,-71,-43,-51,-44,-46,-20,-63,-76,-79,-51,-69,-26,-92,-68,-54,-63,-149,-156,-225,-224,-228,-216,-223,-21,-241,-226,-309,-159,-138,-112,-131,-42,-44,-63,-79,-11,-34,-26,-29,-28,-23,0,0,0,0,0,0,0,0,0,0,8,0,0,0,69,-142,-140,-196,8,6,39,41,58,58,58,57,68,0,0,0,0,-139,0,0,0,0,0,0,0,0,0,0,0,0,0,0,0,0,0,0,0,0,0,0]} 1. d4 Nf6 2. c4 g6 3. g3 Bg7 4. Bg2 O-O 5. Nc3 d6 6. Nf3 Nc6 {[%cal Bb8c6,Bc6e7,Be7f5,Bf5d4][%mdl 32]} 7. O-O e5 8. d5 Ne7 9. c5 Ne8 10. cxd6 Nxd6 11. Be3 {E62: King's Indian: Fianchetto: 6...c6 and Panno Variation (6...Nc6) without ...a6} (11. e4 Bg4 12. Qd3 Bxf3 13. Bxf3 c5 14. a3 f5 15. Bg2 f4 16. Bh3 h5 17. Qe2 Bh6 18. b4 c4 19. a4 {½-½ (44) Caruana,F (2716)-Kabanov,N (2524) Aix les Bains 2011}) 11... b6 12. Qb3 $146 ({Predecessor:} 12. Qa4 Bd7 13. Qb3 Qe8 14. Bd2 Nef5 15. e3 h6 16. Rfc1 Rc8 17. a4 a5 18. Bf1 e4 {0-1 (66) Gmeiner,P (2250)-Duncker,J (2265) Germany 1997}) 12... Nef5 13. Bg5 {Black is slightly better.} f6 14. Bc1 e4 15. Ne1 (15. Nd2 $11) 15... Nd4 $15 16. Qd1 f5 $36 {[%mdl 2048] White is under pressure.} 17. a4 Ba6 $1 18. Be3 Qf6 19. Nc2 Nxc2 20. Qxc2 Nc4 21. Bc1 c5 22. Rd1 Nd6 23. Bf4 g5 24. Bd2 (24. Bxd6 $1 $11 {keeps the balance.} Qxd6 25. Nb5 Bxb5 26. axb5) 24... Rae8 25. a5 b5 {[%cal Bb6b5,Bb5b4][%mdl 32]} 26. Be1 (26. Na2 $15) 26... Rc8 $17 27. Bf1 (27. e3 $17) 27... b4 $19 28. Na4 {[#]} e3 $1 {[%mdl 512]} 29. fxe3 Ne4 $2 {[#]} (29... Qe5 $19 30. Bf2 (30. Nxc5 $2 Nb7 $19) 30... Bb5) 30. Rac1 $2 (30. d6 $1 $11 {[%mdl 512]}) 30... Bb5 31. b3 Bxa4 (31... g4 $19 32. Bg2 Bh6) 32. bxa4 $17 Qd6 33. Qc4 Nc3 (33... g4 $17 34. Bg2 h5) 34. Bxc3 $15 Bxc3 35. Bg2 Rce8 (35... Qe5 $17) 36. Rxc3 bxc3 37. Qxc3 Re7 38. Rc1 Rfe8 39. Qxc5 Qxc5 40. Rxc5 Rxe3 $11 {[%mdl 4096] Endgame KRR-KRB} 41. d6 Rxe2 42. d7 Re1+ 43. Bf1 Rf8 $1 44. Rc7 Rd1 45. Rxa7 f4 (45... Rd8 $1 $11) 46. g4 $2 {[#]} (46. Kg2 $1 $14 fxg3 47. Bc4+ (47. hxg3 Rd2+ 48. Kg1 Rd1 $11) 47... Kh8 48. Rc7 (48. hxg3 g4 $11) 48... Rf2+ 49. Kxg3) 46... Rd8 $1 $17 47. a6 (47. Rc7 $17) 47... R1xd7 $2 ({Black should try} 47... R8xd7 $19 48. Rxd7 Rxd7) 48. Rb7 $1 $11 Kf8 {Threatens to win with ...Rxb7.} 49. h4 gxh4 50. Bg2 $1 Rd1+ 51. Kh2 $1 {[#] And now a7 would win.} h3 $1 52. Kxh3 (52. Bf3 $1 $14 R1d2+ 53. Kg1) (52. Bxh3 R8d2+) 52... R8d6 {[%cal Rd6h6]} 53. Rb8+ Kg7 {[%cal Rd6h6]} 54. Bb7 {[#]} (54. Rb7+ $11 Kf8 55. Rb8+ Ke7 56. Rb7+ Kd8 57. Rb8+ Ke7 58. Rb7+ Kd8 59. Rb8+ Ke7) 54... R1d2 ({Black should play} 54... Rg1 $1 $17 {[%cal Rd6h6]} 55. Kh4 Rg6) 55. g5 {Hoping for a7.The position is equal.} h5 $1 {( -> ...R6d3+)} 56. gxh6+ $1 Rxh6+ 57. Kg4 {a7 is the strong threat.} Rg6+ $1 58. Kf3 {Black must now prevent a7.} Rd3+ 59. Ke2 Re3+ 60. Kf2 {Strongly threatening a7.} Rb6 (60... Rd6 $5 61. a7 $8 Rd2+ 62. Kf1 Rd1+ 63. Kg2 Rd2+ 64. Kf1 Rd1+ 65. Kg2 Rd2+ 66. Kf1 $11) 61. a7 Rb2+ 62. Kf1 Rb1+ (62... Ra3 $5 63. Re8 $8 Rb1+ 64. Re1 Rxe1+ 65. Kxe1 Rxa4 $11) 63. Kf2 Rb2+ 64. Kf1 Rb1+ (64... Ra3 $5 65. Re8 $8 Rb1+ 66. Re1 Rxe1+ 67. Kxe1 Rxa4 $11) 65. Kf2 {Accuracy: White = 37%, Black = 39%.} 1/2-1/2

[Event "CZE-ch Open 2019"]
[Site "Ostrava"]
[Date "2019.05.04"]
[Round "8.6"]
[White "Miesbauer, Jan"]
[Black "Kriebel, Tadeas"]
[Result "1/2-1/2"]
[WhiteElo "2407"]
[BlackElo "2523"]
[Annotator "RC"]
[PlyCount "128"]
[EventDate "2019.04.27"]
[EventType "swiss"]
[EventCountry "CZE"]
[SourceTitle "playchess.com"]
[Source "ChessBase"]
[SourceQuality "1"]
[TimeControl "40/5400+30:1800+30"]

1. c4 {[%emt 0:00:00]} e5 {[%emt 0:00:00]} 2. Nc3 {[%emt 0:00:00]} Nf6 {[%emt 0:00:00]} 3. Nf3 {[%emt 0:01:42]} Nc6 {[%emt 0:00:05]} 4. d4 {[%emt 0:00:28]} exd4 {[%emt 0:01:05]} 5. Nxd4 {[%emt 0:00:06]} Bb4 {[%emt 0:00:15]} 6. Bg5 {[%emt 0:01:12]} O-O {[%emt 0:00:49]} 7. Rc1 {[%emt 0:03:52]} h6 {[%emt 0:03:27]} 8. Bh4 {[%emt 0:02:36]} Re8 {[%emt 0:09:08]} 9. e3 {[%emt 0:04:42]} Nxd4 {[%emt 0:21:40]} 10. Qxd4 {[%emt 0:00:19]} g5 {[%emt 0:00:03]} 11. Bg3 {[%emt 0:00:10]} c5 {[%emt 0:00:07]} 12. Qd1 {[%emt 0:15:00]} b5 {[%emt 0:00:58]} 13. a3 {[%emt 0:08:19]} Ba5 {[%emt 0:07:26]} 14. Qd6 {[%emt 0:16:51]} Bb7 {[%emt 0:21:29]} 15. Be2 {[%emt 0:08:22]} Re6 {[%emt 0:02:35]} 16. Qxc5 {[%emt 0:02:46]} Bxg2 {[%emt 0:08:36]} 17. Rg1 {[%emt 0:00:28]} Ne4 {[%emt 0:00:15]} 18. Qd4 {[%emt 0:02:26]} Nxc3 {[%emt 0:08:06]} 19. bxc3 {[%emt 0:02:02]} Be4 {[%emt 0:00:03]} 20. c5 {[%emt 0:06:46]} Bc6 {[%emt 0:03:05]} 21. h4 {[%emt 0:01:03]} Re4 {[%emt 0:00:42]} 22. Qd6 {[%emt 0:03:57]} Re6 {[%emt 0:00:05]} 23. Qd4 {[%emt 0:00:46]} Re4 {[%emt 0:00:04]} 24. Qd3 {[%emt 0:03:18]} Qf6 {[%emt 0:05:07]} 25. hxg5 {[%emt 0:01:26]} hxg5 {[%emt 0:00:01]} 26. Bf4 {[%emt 0:02:19]} Rxf4 {[%emt 0:00:01]} 27. exf4 {[%emt 0:00:06]} Qxf4 {[%emt 0:00:03]} 28. Qd2 {[%emt 0:02:20]} Bc7 {[%emt 0:02:03]} 29. Rxg5+ {[%emt 0:07:10]} Kf8 {[%emt 0:00:01]} 30. Rg4 {[%emt 0:00:26]} Qh2 {[%emt 0:00:02]} 31. Qg5 {[%emt 0:00:54]} Re8 {[%emt 0:00:19]} 32. Rd1 {[%emt 0:02:09]} Re5 {[%emt 0:05:12]} 33. Qg7+ {[%emt 0:01:03]} Ke7 {[%emt 0:00:01]} 34. Rd3 {[%emt 0:00:47]} Qh1+ {[%emt 0:00:39]} 35. Rg1 {[%emt 0:00:34]} Qe4 {[%emt 0:02:06]} 36. Re3 {[%emt 0:00:22]} Qb1+ {[%emt 0:01:16]} 37. Bd1 {[%emt 0:00:04]} Rxe3+ {[%emt 0:00:49]} 38. fxe3 {[%emt 0:00:02]} Qe4 {[%emt 0:00:36]} 39. Qd4 {[%emt 0:02:00]} Qh7 {[%emt 0:00:32]} 40. Bb3 {[%emt 0:00:35]} Qb1+ {[%emt 0:00:30]} 41. Bd1 {[%emt 0:01:57]} Qh7 {[%emt 0:00:58]} 42. Rf1 {[%emt 0:05:27]} Bg3+ {[%emt 0:07:37]} 43. Kd2 {[%emt 0:00:34]} Qh2+ {[%emt 0:00:19]} 44. Kc1 {[%emt 0:00:39]} Be5 {[%emt 0:00:17]} 45. Qd2 {[%emt 0:00:28]} Qh3 {[%emt 0:02:54]} 46. Qf2 {[%emt 0:01:26]} f6 {[%emt 0:05:52]} 47. Bf3 {[%emt 0:10:23]} Bxf3 {[%emt 0:00:26]} 48. Qxf3 {[%emt 0:00:05]} Qe6 {[%emt 0:00:03]} 49. Rh1 {[%emt 0:01:21]} Qc4 {[%emt 0:02:02]} 50. Rh7+ {[%emt 0:00:45]} Ke6 {[%emt 0:00:16]} 51. Qh3+ {[%emt 0:00:35]} f5 {[%emt 0:00:05]} 52. Rh6+ {[%emt 0:03:16]} Bf6 {[%emt 0:00:12]} 53. Rxf6+ {[%emt 0:01:03]} Kxf6 {[%emt 0:00:05]} 54. Qh6+ {[%emt 0:02:05]} Ke5 {[%emt 0:02:58]} 55. Qd6+ {[%emt 0:00:34]} Ke4 {[%emt 0:00:04]} 56. Qf4+ {[%emt 0:00:41]} Kd3 {[%emt 0:03:04]} 57. Qxf5+ {[%emt 0:00:15]} Kxe3 {[%emt 0:00:09]} 58. Kb2 {[%emt 0:02:03]} Qe2+ {[%emt 0:04:31]} 59. Kb3 {[%emt 0:01:03]} Qd1+ {[%emt 0:02:18]} 60. Kb2 {[%emt 0:00:06]} Qd3 {[%emt 0:02:21]} 61. Qh3+ {[%emt 0:01:14]} Kd2 {[%emt 0:01:17]} 62. Qh6+ {[%emt 0:00:57]} Kd1 {[%emt 0:00:37]} 63. Qh1+ {[%emt 0:00:15]} Kd2 {[%emt 0:00:20]} 64. Qh6+ {[%emt 0:00:05]} Kd1 {[%emt 0:00:07]} 1/2-1/2

[Event "CZE-ch Open 2019"]
[Site "Ostrava"]
[Date "2019.05.04"]
[Round "8.7"]
[White "Mikes, Jan"]
[Black "Kociscak, Jiri"]
[Result "1/2-1/2"]
[WhiteElo "2395"]
[BlackElo "2505"]
[Annotator "ChessBase"]
[PlyCount "79"]
[EventDate "2019.04.27"]
[EventType "swiss"]
[EventCountry "CZE"]
[SourceTitle "playchess.com"]
[Source "ChessBase"]
[SourceQuality "1"]
[TimeControl "40/5400+30:1800+30"]

1. e4 {[%emt 0:00:00]} e5 {[%emt 0:00:43]} 2. Nf3 {[%emt 0:00:00]} Nc6 {[%emt 0:00:34]} 3. d4 {[%emt 0:00:00]} exd4 {[%emt 0:00:07]} 4. Nxd4 {[%emt 0:00:00]} Nf6 {[%emt 0:01:44]} 5. Nxc6 {[%emt 0:01:27]} bxc6 {[%emt 0:00:10]} 6. e5 {[%emt 0:00:06]} Qe7 {[%emt 0:00:11]} 7. Qe2 {[%emt 0:00:13]} Nd5 {[%emt 0:00:05]} 8. c4 {[%emt 0:00:14]} Nb6 {[%emt 0:01:19]} 9. Nc3 {[%emt 0:00:24]} a5 {[%emt 0:01:00]} 10. Qe4 {[%emt 0:06:25]} Qe6 {[%emt 0:05:54]} 11. Bd3 {[%emt 0:03:54]} Bb4 {[%emt 0:00:51]} 12. Bd2 {[%emt 0:00:37]} Bb7 {[%emt 0:31:33]} 13. f4 {[%emt 0:04:50]} O-O-O {[%emt 0:08:57]} 14. O-O-O {[%emt 0:09:18]} g6 {[%emt 0:10:07]} 15. Rhe1 {[%emt 0:08:37]} d5 {[%emt 0:18:33]} 16. exd6 {[%emt 0:23:35]} Qxd6 {[%emt 0:00:06]} 17. Bf1 {[%emt 0:02:01]} f5 {[%emt 0:04:24]} 18. Qe6+ {[%emt 0:07:37]} Qxe6 {[%emt 0:00:05]} 19. Rxe6 {[%emt 0:00:03]} Rhe8 {[%emt 0:00:07]} 20. Rxe8 {[%emt 0:00:49]} Rxe8 {[%emt 0:00:04]} 21. Re1 {[%emt 0:00:04]} Rxe1+ {[%emt 0:03:17]} 22. Bxe1 {[%emt 0:00:05]} Ba6 {[%emt 0:00:14]} 23. b3 {[%emt 0:06:45]} Nd5 {[%emt 0:01:24]} 24. Nxd5 {[%emt 0:09:11]} cxd5 {[%emt 0:02:15]} 25. Bxb4 {[%emt 0:03:19]} axb4 {[%emt 0:00:05]} 26. Kb2 {[%emt 0:00:09]} c5 {[%emt 0:01:19]} 27. a3 {[%emt 0:02:56]} bxa3+ {[%emt 0:01:56]} 28. Kxa3 {[%emt 0:00:05]} Kc7 {[%emt 0:00:06]} 29. g3 {[%emt 0:05:22]} Kb6 {[%emt 0:00:35]} 30. Bd3 {[%emt 0:02:03]} Ka5 {[%emt 0:01:39]} 31. Be2 {[%emt 0:03:18]} d4 {[%emt 0:04:25]} 32. Bf3 {[%emt 0:00:34]} Bc8 {[%emt 0:00:53]} 33. Bd5 {[%emt 0:00:24]} Bd7 {[%emt 0:00:07]} 34. h4 {[%emt 0:00:53]} Be8 {[%emt 0:00:52]} 35. Bg8 {[%emt 0:00:29]} h5 {[%emt 0:00:47]} 36. Bd5 {[%emt 0:00:11]} d3 {[%emt 0:00:16]} 37. Kb2 {[%emt 0:01:09]} Kb4 {[%emt 0:00:05]} 38. Be6 {[%emt 0:00:03]} Bc6 {[%emt 0:00:42]} 39. Bd5 {[%emt 0:00:18]} Be8 {[%emt 0:00:07]} 40. Be6 {[%emt 0:00:04]} 1/2-1/2

[Event "CZE-ch Open 2019"]
[Site "Ostrava"]
[Date "2019.05.04"]
[Round "8.8"]
[White "Simacek, Pavel"]
[Black "Blatny, Pavel"]
[Result "1-0"]
[WhiteElo "2476"]
[BlackElo "2328"]
[Annotator "ChessBase"]
[PlyCount "77"]
[EventDate "2019.04.27"]
[EventType "swiss"]
[EventCountry "CZE"]
[SourceTitle "playchess.com"]
[Source "ChessBase"]
[SourceQuality "1"]
[TimeControl "40/5400+30:1800+30"]

1. e4 {[%emt 0:00:00]} g6 {[%emt 0:00:00]} 2. d4 {[%emt 0:00:00]} Bg7 {[%emt 0:00:00]} 3. Nf3 {[%emt 0:01:09]} d6 {[%emt 0:00:56]} 4. Bd3 {[%emt 0:03:35]} e5 {[%emt 0:05:03]} 5. h3 {[%emt 0:07:44]} exd4 {[%emt 0:03:55]} 6. Nxd4 {[%emt 0:02:33]} Nd7 {[%emt 0:00:12]} 7. Nb3 {[%emt 0:05:11]} a5 {[%emt 0:02:55]} 8. a4 {[%emt 0:01:14]} b6 {[%emt 0:00:02]} 9. O-O {[%emt 0:02:39]} Bb7 {[%emt 0:00:29]} 10. Nc3 {[%emt 0:06:28]} Ne7 {[%emt 0:02:39]} 11. Bg5 {[%emt 0:04:38]} h6 {[%emt 0:00:30]} 12. Be3 {[%emt 0:00:07]} O-O {[%emt 0:01:42]} 13. Qd2 {[%emt 0:01:31]} Kh7 {[%emt 0:00:15]} 14. Rae1 {[%emt 0:15:01]} Ne5 {[%emt 0:04:32]} 15. Bb5 {[%emt 0:03:37]} g5 {[%emt 0:03:16]} 16. Nd4 {[%emt 0:01:58]} c5 {[%emt 0:03:04]} 17. Nde2 {[%emt 0:02:22]} f5 {[%emt 0:07:09]} 18. f4 {[%emt 0:00:36]} fxe4 {[%emt 0:24:21]} 19. fxe5 {[%emt 0:00:28]} d5 {[%emt 0:00:14]} 20. Rxf8 {[%emt 0:02:58]} Qxf8 {[%emt 0:03:24]} 21. Rf1 {[%emt 0:00:05]} Qg8 {[%emt 0:00:36]} 22. Nxe4 {[%emt 0:00:52]} dxe4 {[%emt 0:03:48]} 23. Qd7 {[%emt 0:00:07]} Nd5 {[%emt 0:01:21]} 24. Qxb7 {[%emt 0:08:23]} Rb8 {[%emt 0:00:07]} 25. Qc6 {[%emt 0:00:15]} Rc8 {[%emt 0:00:16]} 26. Qd7 {[%emt 0:00:16]} Nxe3 {[%emt 0:00:27]} 27. Rf7 {[%emt 0:01:17]} Rf8 {[%emt 0:03:16]} 28. e6 {[%emt 0:00:47]} Kg6 {[%emt 0:21:43]} 29. Rxg7+ {[%emt 0:01:20]} Qxg7 {[%emt 0:00:08]} 30. Qxg7+ {[%emt 0:00:04]} Kxg7 {[%emt 0:00:05]} 31. e7 {[%emt 0:00:03]} Rb8 {[%emt 0:02:02]} 32. e8=Q {[%emt 0:00:09]} Rxe8 {[%emt 0:00:18]} 33. Bxe8 {[%emt 0:00:04]} Nxc2 {[%emt 0:00:50]} 34. Nc3 {[%emt 0:00:26]} e3 {[%emt 0:00:43]} 35. Kf1 {[%emt 0:00:06]} Kf6 {[%emt 0:00:17]} 36. Ke2 {[%emt 0:00:13]} Kf5 {[%emt 0:02:42]} 37. g3 {[%emt 0:02:42]} g4 {[%emt 0:03:45]} 38. h4 {[%emt 0:00:07]} Ke5 {[%emt 0:01:02]} 39. Bg6 {[%emt 0:00:16] Kd5} 1-0

[Event "CZE-ch Open 2019"]
[Site "Ostrava"]
[Date "2019.05.04"]
[Round "8.9"]
[White "Mrazek, Lumir"]
[Black "Zwardon, Vojtech"]
[Result "1-0"]
[WhiteElo "2344"]
[BlackElo "2458"]
[Annotator "ChessBase"]
[PlyCount "79"]
[EventDate "2019.04.27"]
[EventType "swiss"]
[EventCountry "CZE"]
[SourceTitle "playchess.com"]
[Source "ChessBase"]
[SourceQuality "1"]
[TimeControl "40/5400+30:1800+30"]

1. e4 c5 2. Nf3 Nc6 3. c3 Nf6 4. d3 g6 5. Be2 Bg7 6. O-O d5 7. Qc2 O-O 8. h3 Qc7 9. Re1 b6 10. Nbd2 e6 11. Nf1 Ba6 12. e5 Nd7 13. d4 Qb7 14. Bg5 Rfc8 15. Qd2 cxd4 16. cxd4 Na5 17. b3 Bxe2 18. Rxe2 Qa6 19. Rae1 Rc7 20. Ne3 Rac8 21. Ng4 Rc3 22. Bh6 Qd3 23. Qg5 Qf5 24. Qh4 Qh5 25. Qe7 Bxh6 26. Qxd7 Bg7 27. Qxa7 R3c6 28. Nf6+ Bxf6 29. exf6 R8c7 30. Qa6 Qh6 31. Ne5 Rd6 32. Qd3 Qf4 33. Rc2 Rxc2 34. Qxc2 Rd8 35. Qc7 Rf8 36. Qxb6 Qd2 37. Re3 Qxa2 38. Qb4 Qb1+ 39. Re1 Qa2 40. Rc1 1-0